TOP 10 COUNTRIES WITH MOST SUMMER OLYMPIC MEDALS - Statistics

General Stats
  • This quiz has been taken 13 times
  • The average score is 2 of 11
Answer Stats
Hint Answer % Correct
2,542 MEDALS UNITED STATES
56%
1,010 MEDALS RUSSIA
44%
546 MEDALS CHINA
33%
867 MEDALS GREAT BRITAIN
22%
592 MEDALS ITALY
22%
495 MEDALS ( NON EUROPEAN COUNTRY) AUSTRALIA
11%
739 MEDALS FRANCE
11%
760 MEDALS GERMANY
11%
495 MEDALS ( EUROPEAN COUNTRY) HUNGARY
11%
441 MEDALS JAPAN
0%
498 MEDALS SWEDEN
0%
No matching quizzes found
Score Distribution
Percent of People with Each Score
Percentile by Number Answered
Your Score History
You have not taken this quiz